000 00536cam a22001931 4500
001 BD-DhSAU 6050
003 BD-DhSAU
005 20150501152559.0
008 840817s1950 enk b 000 0 eng
040 _aBD-DhSAU
082 0 0 _a512
_222
_bGOP
100 1 _aGood, Irving John.
245 1 0 _aProbability and the weighing of evidence /
_cIrving John. Good,
260 _aLondon :
_bC. Griffin ,
_c1950.
300 _aviii, 119 p.:
_c23 cm.
504 _aIncludes bibliography and index
590 _aIMRAN
650 0 _aProbabilities.
942 _2ddc
_cBOOK
999 _c6050
_d6050